Human resources management in Canada (Record no. 13085)

MARC details
000 -LEADER
fixed length control field 00544nam a22002057a 4500
003 - CONTROL NUMBER IDENTIFIER
control field mut
005 - DATE AND TIME OF LATEST TRANSACTION
control field 20240606081242.0
008 - FIXED-LENGTH DATA ELEMENTS--GENERAL INFORMATION
fixed length control field 171009b xxu||||| |||| 00| 0 eng d
020 ## - INTERNATIONAL STANDARD BOOK NUMBER
International Standard Book Number 9780136107507
040 ## - CATALOGING SOURCE
Transcribing agency mut
050 ## - LIBRARY OF CONGRESS CALL NUMBER
Classification number HF5549
Item number .D49 2010
100 ## - MAIN ENTRY--PERSONAL NAME
Personal name Dessler, Gary
245 ## - TITLE STATEMENT
Title Human resources management in Canada
250 ## - EDITION STATEMENT
Edition statement Canadian 11th ed.
260 ## - PUBLICATION, DISTRIBUTION, ETC.
Place of publication, distribution, etc. Toronto
Name of publisher, distributor, etc. Pearson
Date of publication, distribution, etc. c2010
650 ## - SUBJECT ADDED ENTRY--TOPICAL TERM
Topical term or geographic name entry element Personnel management
Form subdivision Textbooks
650 ## - SUBJECT ADDED ENTRY--TOPICAL TERM
Topical term or geographic name entry element Personnel management
Form subdivision Textbooks
700 ## - ADDED ENTRY--PERSONAL NAME
Personal name Cole, Nina D.
942 ## - ADDED ENTRY ELEMENTS (KOHA)
Source of classification or shelving scheme Library of Congress Classification
Koha item type Books
Holdings
Withdrawn status Lost status Source of classification or shelving scheme Damaged status Not for loan Home library Current library Shelving location Date acquired Source of acquisition Total checkouts Full call number Barcode Date last seen Price effective from Koha item type Date last checked out
    Library of Congress Classification     Murang'a University of Technology Library Murang'a University of Technology Library General stacks 09/10/2017 Donation-TFC   HF5549 .D49 2010 015551 30/08/2024 09/10/2017 Books  
    Library of Congress Classification     Murang'a University of Technology Library Murang'a University of Technology Library General stacks 17/10/2017 Donation-TFC 1 HF5549 .D49 2010 015807 30/08/2024 17/10/2017 Books 16/04/2019
    Library of Congress Classification     Murang'a University of Technology Library Murang'a University of Technology Library General stacks 07/03/2019 Donation-TFC   HF5549 .D49 2010 025179 30/08/2024 07/03/2019 Books  
    Library of Congress Classification     Murang'a University of Technology Library Murang'a University of Technology Library General stacks 01/07/2019 Donation-TFC 3 HF5549 .D49 2010 026669 26/02/2026 01/07/2019 Books 26/02/2026
    Library of Congress Classification     Murang'a University of Technology Library Murang'a University of Technology Library General stacks 20/11/2019 Donation-TFC   HF5549 .D49 2010 028087 30/08/2024 20/11/2019 Books